Catálogo
 En Linea

Instructivo metodológico y electoral / (Registro nro. 55736)

Detalles MARC
000 -CABECERA
campo de control de longitud fija 01736nam a2200253 i 4500
003 - IDENTIFICADOR DEL NÚMERO DE CONTROL
campo de control DO-SdBNP
005 - FECHA Y HORA DE LA ÚLTIMA TRANSACCIÓN
campo de control 20240122123643.0
006 - CÓDIGOS DE INFORMACIÓN DE LONGITUD FIJA--CARACTERÍSTICAS DEL MATERIAL ADICIONAL
campo de control de longitud fija a||||gr|||| 00| 0
007 - CAMPO FIJO DE DESCRIPCIÓN FÍSICA--INFORMACIÓN GENERAL
campo de control de longitud fija ta
008 - DATOS DE LONGITUD FIJA--INFORMACIÓN GENERAL
campo de control de longitud fija 240122e1996 dr ad||| |||| 00| 0 spa d
040 ## - FUENTE DE LA CATALOGACIÓN
Centro catalogador/agencia de origen DO-SdBNP
Lengua de catalogación spa
Centro/agencia transcriptor BNPHU
Normas de descripción rda
082 #4 - NÚMERO DE LA CLASIFICACIÓN DECIMAL DEWEY
Número de edición 22
Número de documento/Ítem A445i
100 1# - ENTRADA PRINCIPAL--NOMBRE DE PERSONA
Nombre de persona Almánzar García, José Nicolás
9 (RLIN) 3006
Término indicativo de función/relación autor
245 ## - MENCIÓN DE TÍTULO
Título Instructivo metodológico y electoral /
Mención de responsabilidad, etc. José Nicolás Almánzar García.
264 ## - PRODUCCIÓN, PUBLICACIÓN, DISTRIBUCIÓN, FABRICACIÓN Y COPYRIGHT
Producción, publicación, distribución, fabricación y copyright Santo Domingo :
Nombre del de productor, editor, distribuidor, fabricante IFP,
Fecha de producción, publicación, distribución, fabricación o copyright 1996
300 ## - DESCRIPCIÓN FÍSICA
Extensión 59 páginas ;
Dimensiones 21 cm
336 ## - TIPO DE CONTENIDO
Fuente rdacontent
Término de tipo de contenido texto
Código de tipo de contenido txt
337 ## - TIPO DE MEDIO
Fuente rdamedia
Nombre/término del tipo de medio sin mediación
Código del tipo de medio n
338 ## - TIPO DE SOPORTE
Fuente rdacarrier
Nombre/término del tipo de soporte volumen
Código del tipo de soporte nc
505 ## - NOTA DE CONTENIDO CON FORMATO
Nota de contenido con formato Presentación.
Título Capítulo I.- Los colegios Electorales Cerrados.-- Primera etapa: Instalación.-- Llgada y credenciales.-- Mie,bros ausentes.- Materiales, urnas y csetas.-- Segunda etapa: Inscripción.-- Tercera etapa: Votación.-- Orden de la Votación.-- Identificación del elector y pasos a cumplir para votar.-- el Voto observado.-- Fin de Votación.-- Cuarta etapa: Escrutinio.-- Deterninación número de elctores.-- Boletas demás: Forma de solución.-- Conteo.-- Levantamiento del acta.-- Relación de Votación.-- Entrega de Resultados.
-- Capítulo II.- algunas interrogantes sobre los Colegios Electorales Cerrados cuya respuestas pueden ayudar a su mejor cumplimiento e interpretación.--
-- Capítulo III.- Población Electoral y Cuerpo Electoral.--
-- Capítulo IV.- Población Electoral y Cuerpo Electoral.--
-- Capítulo VI.- El Cómputo Electoral: (Datos Estadísticos).--
-- Capítulo VII.- La Seguna Vuelta Electoral.
590 ## - NOTA LOCAL (RLIN)
Nota local Inventariado 2024 / MF
710 2# - PUNTO DE ACCESO ADICIONAL--NOMBRE DE ENTIDAD CORPORATIVA
Nombre de entidad corporativa o nombre de jurisdicción como elemento de entrada Instituto de Formación Política del Partido Reformista Social Cristiano
9 (RLIN) 55055
942 ## - ELEMENTOS DE PUNTO DE ACCESO ADICIONAL (KOHA)
Fuente del sistema de clasificación o colocación Dewey Decimal Classification
Tipo de ítem Koha Libro
Existencias
Estado de retiro Estado de pérdida Fuente del sistema de clasificación o colocación Restricciones de uso No para préstamo Código de colección Localización permanente Ubicación/localización actual Ubicación en estantería Fecha de adquisición Total de préstamos Signatura topográfica completa Código de barras Fecha visto por última vez Precio válido a partir de Tipo de ítem Koha
    Dewey Decimal Classification Excluido de préstamo   Patrimonio Dominicano Biblioteca Nacional Pedro Henríquez Ureña Biblioteca Nacional Pedro Henríquez Ureña En catalogación 22.12.2014   A445i 2024-0370 22.01.2024 22.01.2024 Libro

Con tecnología Koha